| 000 | 01028naa a22002657a 4500 | ||
|---|---|---|---|
| 001 | BR9301504 | ||
| 003 | BR-BrBNA | ||
| 005 | 20240918180850.0 | ||
| 007 | ta | ||
| 008 | 230509b bl.||||| |||| 00| 0 por d | ||
| 040 |
_aBR-BrBNA _bpor _cBiblioteca Nacional de Agricultura |
||
| 041 | _a(Pt) | ||
| 072 |
_aF04 _b0180 |
||
| 090 | _aF04 BR9301504 | ||
| 100 | 1 | _aAbrao, J.R. | |
| 111 | 1 |
_a9. Reuniao Anual Conjunta de Pesquisa do Trigo _cLondrina, PR (Brazil) _d28 Mar - 1 Apr 1977 |
|
| 245 | 1 | _aAvaliacao preliminar da eficiencia da adubacao foliar em trigo - 2. ano | |
| 260 | 3 |
_aCruz Alta, RS (Brasil): _c1977. |
|
| 500 | _aContribuicao do Centro de Experimentacao e Pesquisa do Trigo, v. 1 - Trigo Cruz Alta, RS (Brasil): 1977. p. 70-75 (BR9301504-AM)F04 | ||
| 650 | _aTrigo | ||
| 650 | _aAdubacao Foliar | ||
| 773 | 0 |
_tContribuicao do Centro de Experimentacao e Pesquisa do Trigo, v. 1 - Trigo _wF04 BR9301504 _gCruz Alta, RS (Brasil), 1977. p. 70-75 |
|
| 909 |
_a202404 _bLucia _c55 _dLucia Elande |
||
| 942 |
_cAM _2AGRIS |
||
| 999 |
_c322375 _d322375 |
||